Yüklüyor......

Water soil and the plant

Detaylı Bibliyografya
Yazar: Winter, E.J
Materyal Türü: Printed Book
Dil:Undetermined
English
Baskı/Yayın Bilgisi: London Macmillan press 1974
Konular:
LEADER 00570nam a2200181Ia 4500
008 140306s9999 xx 000 0 und d
041 |a eng 
082 |a 631.4  |b WIN/WA 
100 |a Winter, E.J 
245 |a Water soil and the plant 
260 |a London  |b Macmillan press  |c 1974 
300 |a 139 
365 |b Rs.46.00 
650 |a Agricultural chemistry 
650 |a Soil science 
942 |2 ddc  |c BK 
999 |c 119911  |d 119911 
952 |0 0  |1 0  |2 ddc  |4 0  |6 631_400000000000000_WINWA  |7 0  |9 119121  |a KAUHCV  |b KAUHCV  |d 2004-05-06  |g 46.00  |o 631.4 WIN/WA  |p KAU_HCV-5401  |r 2014-03-22  |w 2014-03-22  |y BK